000
00312nam a2200133Ia 4500
005
20260328104305.0
008
260328s9999||||xx |||||||||||||| ||und||
100
_a
Ruiz, Miguel
245
4
_a
The Four Agreements /
_c
Miguel Ruiz
260
_b
Amber-Allen
300
_a
138 p.
650
_a
CUATRO
942
_c
BK
999
_c
10745
_d
10745